000 03211aam a2200361 4500
001 19181
003 CO-MdFUSB
005 20180622170410.0
008 170213t1984 xxu||||f |||| 00| 0 eng d
020 _a0-89453-343-6
040 _aCO-MdFUSB
_bspa
_cCO-MdFUSB
_dCO-MdFUSB
_erda
041 _aeng
082 _224
_aG 270.092
_bB967h
100 1 _aBurns, J. Patout
_eautor
245 0 4 _aThe Holy Spirit
_c/ J. Patout Burns, Gerald M. Fagin
264 1 _aWilmington, Delaware :
_bMichael Glazier,
_c℗1984
264 4 _c©1984
300 _a240 páginas
_c; 22 cm.
336 _2rdacontent
_a1
_ba1
337 _2rdamedia
_a2
_b5
338 _2rdacarrier
_a2
_b5
490 _aMessage of the Fathers of the Church
505 0 0 _aCapitulo uno: Inspiración y profecía: El segundo siglo -- Introducción -- Las escrituras -- Los Apostólicos Padres -- Clemente de Roma, primer Clemente -- Ignacio de Antioquía, carta a lo filadelfianos -- Hermas, el pastor -- Los Apologistas -- Justin Martyr, diálogo con Trypho -- Athenagoras, la súplica -- Theophilus, a Autólicus -- Defensores de la fe ortodoxa -- Iraeneus, contra las herejías, la demostración de las predicas apostólicas -- Reflexiones Finales
505 0 0 _aCapitulo dos: De carisma a ministerio: El tercer siglo -- Introducción -- Los escritos -- Tertuliano -- A los mártires -- En la prescripción contra los herejes -- En el bautismo -- En el velo de las vírgenes -- En monogomy -- En el pudor -- Contra praxeas -- Hipólito -- Refutación de todas las herejías -- La tradición apostólica -- La enseñanza de los apóstoles -- Origen -- En los primeros principios -- Comentario de Juan -- Novatian -- Referente a la Trinidad -- Cipriano -- Epístola 10: A los mártires y confesores -- Epístola 57: A Cornelius , Obispo de Roma -- Epístola 73: A Jubaianus obispo de Mauritania -- En rebaptismo -- Finales reflexiones
505 0 0 _aAdorado y honrado: El cuarto siglo -- Introducción -- Los escritos -- John Crysostom -- Primera homilía sobre hechos -- XIII homilía sobre romanos -- Theodore de Mopsuestia -- en el credo de Nicea -- Cirilo de Alejandría -- comentario sobre Juan -- Augustine de Hippo -- escritos contra lo donatistas -- En bautismo -- Carta 98, a Bonifacio -- Homilía sexta en 1 Juan -- Escritos contra los pelagianos -- Carta 145, a Anastasio -- Carta 194, a Sixto -- En refutacion y gracia -- De la predestinación de los Santos -- Escrituras sobre la Trinidad , sobre la Trinidad -- Leo el grande -- El credo de Atanasio -- Las reflexiones finales
505 0 0 _aSeñor y dador de vida - El curso del desarrollo -- Introducción -- Las escrituras -- La inspiración e interpretación de la escritura -- La unidad de la iglesia -- El espíritu como santificador, el perdón de los pecados -- El espíritu y la carne -- La santificación del espíritu -- El espíritu de Cristo -- El Divino Espíritu -- Consubstancial con el padre y el hijo -- La procesión del espíritu -- Nombrando del espíritu -- Conclusión
540 _aPasta dura
650 7 _959
_aPadres de la Iglesia
653 _aPatristíca
720 _aGerald M. Fagin, S.J.
_eautor
942 _cBK
999 _c45552
_d45552